[Event "DM 2022 Kort Paaske 2 Grp1"]
[Site "Svendborg"]
[Date "2022.04.16"]
[Round "4"]
[White "Schjodt, Niels Chr"]
[Black "Nykjaer, Jess"]
[Result "1-0"]
[WhiteElo "2037"]
[BlackElo "1961"]
[PlyCount "91"]
[EventDate "2022.04.14"]
[EventType "swiss"]
[EventRounds "5"]
[EventCountry "DEN"]

1. d4 d5 2. Nc3 Nf6 3. Bg5 e6 4. e3 h6 5. Bh4 Be7 6. Bd3 c6 7. Nf3 Nbd7 8. O-O
Qc7 9. Bg3 Bd6 10. e4 dxe4 11. Nxe4 Nxe4 12. Bxe4 O-O 13. c4 b6 14. Rc1 Bb7 15.
c5 Bxg3 16. hxg3 Rfd8 17. Bb1 bxc5 18. Qc2 Nf6 19. Qxc5 Rd5 20. Qc2 Qb6 21.
Rfe1 Rc8 22. Re5 Kf8 23. Qc3 a5 24. Qa3+ Qb4 25. Qxb4+ axb4 26. Rc4 Rxe5 27.
Nxe5 Nd5 28. Nd7+ Ke7 29. Nc5 Ba8 30. Kf1 Rb8 31. Ke1 Rb5 32. Rc1 Ra5 33. Kd2
f5 34. Re1 Nc7 35. Bxf5 Rxa2 36. Kc2 Kd6 37. Kb3 Ra7 38. Bxe6 Nxe6 39. Rxe6+
Kd5 40. Re4 Rf7 41. f3 Bb7 42. Kxb4 Bc8 43. Kc3 Kd6 44. g4 g6 45. Re8 Kc7 46.
Rh8 1-0

[Event "DM 2022 Kort Paaske 2 Grp1"]
[Site "Svendborg"]
[Date "2022.04.16"]
[Round "4"]
[White "Boldt, Allan"]
[Black "Nielsen, Klaus"]
[Result "0-1"]
[WhiteElo "2150"]
[BlackElo "2008"]
[PlyCount "99"]
[EventDate "2022.04.14"]
[EventType "swiss"]
[EventRounds "5"]
[EventCountry "DEN"]

1. e4 c5 2. Nf3 Nc6 3. b3 e5 4. Bb2 d6 5. Bc4 Be7 6. d3 Nf6 7. Nbd2 O-O 8. Nf1
a6 9. a4 Rb8 10. Ne3 b5 11. axb5 axb5 12. Bd5 Nb4 13. c4 Nfxd5 14. cxd5 f5 15.
Bc3 fxe4 16. dxe4 Na6 17. O-O b4 18. Be1 Nc7 19. Nd2 Nb5 20. Nec4 Nd4 21. f3
Rf6 22. Bf2 Rg6 23. Kh1 Bg5 24. Bxd4 cxd4 25. Rf2 Rh6 26. Nf1 Qf6 27. Ra7 Qd8
28. Rfa2 Bd7 29. Qa1 Bc8 30. R2a4 Rf6 31. Ra8 Rxa8 32. Rxa8 Rf8 33. Qa4 Be7 34.
Qxb4 Qc7 35. Qa3 Rd8 36. Nfd2 Bg5 37. Nb1 h5 38. Kg1 Be3+ 39. Kf1 Bf4 40. g3
Bg5 41. Ke2 h4 42. Ra7 Qb8 43. Qa4 hxg3 44. hxg3 Rf8 45. Nbd2 Bxd2 46. Nxd2 Qb6
47. Qa5 d3+ 48. Kxd3 Qd4+ 49. Kc2 Bh3 50. Rc7 0-1

[Event "DM 2022 Kort Paaske 2 Grp1"]
[Site "Svendborg"]
[Date "2022.04.16"]
[Round "4"]
[White "Burgaard, Kristian Gade"]
[Black "Hove, Svend Kjems"]
[Result "1-0"]
[WhiteElo "1996"]
[BlackElo "1968"]
[PlyCount "93"]
[EventDate "2022.04.14"]
[EventType "swiss"]
[EventRounds "5"]
[EventCountry "DEN"]

1. d4 c5 2. d5 e5 3. e4 a6 4. a4 d6 5. Bd3 g6 6. h4 Bg7 7. h5 Nd7 8. Nf3 Ndf6
9. hxg6 fxg6 10. Na3 Bg4 11. Nc4 Qc7 12. Bd2 Nh5 13. g3 Ngf6 14. Ne3 Bd7 15.
Ng5 O-O 16. Ne6 Bxe6 17. dxe6 Qc6 18. Qf3 b5 19. b3 Ne8 20. Qg2 Nc7 21. Nd5 Kh8
22. e7 Rfe8 23. Bg5 Ne6 24. Be3 Nd4 25. Bxd4 exd4 26. c3 c4 27. bxc4 bxc4 28.
Bc2 Rab8 29. g4 Rb2 30. gxh5 Rxc2 31. Nb4 Qb7 32. Nxc2 d3 33. Nd4 d2+ 34. Kxd2
Qb2+ 35. Nc2 Qxc3+ 36. Kd1 Qd3+ 37. Kc1 Bh6+ 38. Ne3 Qc3+ 39. Kd1 Qxa1+ 40. Ke2
Qa2+ 41. Kf3 Rxe7 42. hxg6 Bxe3 43. fxe3 Qxa4 44. Qb2+ Re5 45. Qb7 Rf5+ 46.
exf5 Qc6+ 47. Qxc6 1-0

[Event "DM 2022 Kort Paaske 2 Grp1"]
[Site "Svendborg"]
[Date "2022.04.16"]
[Round "4"]
[White "Raahauge, Lars"]
[Black "Nielsen, Aage Sondergaard"]
[Result "1/2-1/2"]
[WhiteElo "1952"]
[BlackElo "1951"]
[PlyCount "51"]
[EventDate "2022.04.14"]
[EventType "swiss"]
[EventRounds "5"]
[EventCountry "DEN"]

1. e4 e5 2. Nf3 Nc6 3. Bc4 Bc5 4. c3 Nf6 5. d3 d6 6. a4 a5 7. h3 O-O 8. Bg5 Be6
9. Nbd2 h6 10. Bh4 g5 11. Bg3 Ne7 12. Bxe6 fxe6 13. d4 exd4 14. Nxd4 Qd7 15.
O-O c6 16. e5 Bxd4 17. cxd4 dxe5 18. dxe5 Nfd5 19. Qg4 Nf5 20. Ne4 Qg7 21. Rad1
Kh8 22. Rfe1 Kh7 23. Qe2 Rad8 24. Qc2 Kh8 25. Qb3 Rd7 26. f3 1/2-1/2

[Event "DM 2022 Kort Paaske 2 Grp1"]
[Site "Svendborg"]
[Date "2022.04.16"]
[Round "5"]
[White "Nielsen, Henning"]
[Black "Schjodt, Niels Chr"]
[Result "0-1"]
[WhiteElo "2076"]
[BlackElo "2037"]
[PlyCount "56"]
[EventDate "2022.04.14"]
[EventType "swiss"]
[EventRounds "5"]
[EventCountry "DEN"]

1. d4 Nf6 2. c4 e6 3. Nf3 d5 4. e3 c6 5. Nc3 Nbd7 6. Bd3 Bd6 7. b3 O-O 8. O-O
Re8 9. Bc2 e5 10. dxe5 Nxe5 11. cxd5 Nxf3+ 12. gxf3 cxd5 13. Bb2 Bh3 14. Qd4
Be5 15. Qh4 Bxf1 16. Rxf1 Rc8 17. Nxd5 Rxc2 18. Bxe5 Rxe5 19. e4 Rxd5 20. exd5
Qxd5 21. Qf4 h6 22. Kh1 Rxa2 23. Qe3 Ng4 24. Qe8+ Kh7 25. Kg2 Ne5 26. h3 Qxf3+
27. Kg1 Ng6 28. Qd7 Ra5 0-1

[Event "DM 2022 Kort Paaske 2 Grp1"]
[Site "Svendborg"]
[Date "2022.04.16"]
[Round "5"]
[White "Nielsen, Klaus"]
[Black "Andersen, Kim Nyvang"]
[Result "1/2-1/2"]
[WhiteElo "2008"]
[BlackElo "1978"]
[PlyCount "91"]
[EventDate "2022.04.14"]
[EventType "swiss"]
[EventRounds "5"]
[EventCountry "DEN"]

1. d4 d6 2. e4 e5 3. Nf3 Nd7 4. Bc4 Be7 5. Nc3 c6 6. dxe5 dxe5 7. O-O Ngf6 8.
Qe2 O-O 9. a4 Qc7 10. Bg5 Nc5 11. Bh4 Bg4 12. h3 Be6 13. Bg3 Nfd7 14. Nd4 Bxc4
15. Qxc4 Nb6 16. Qe2 a5 17. Nf5 Bf6 18. Qg4 Ne6 19. Ne2 g6 20. Nfd4 Nxd4 21.
Nxd4 Rad8 22. Rfd1 Bg7 23. Qe2 Qe7 24. Nf3 Rxd1+ 25. Qxd1 Rd8 26. Qe1 Qc5 27.
c3 f6 28. Rd1 Rd6 29. b4 Rxd1 30. Qxd1 axb4 31. Qd8+ Kf7 32. cxb4 Qxb4 33. Qc7+
Kg8 34. Qxb7 c5 35. Qb8+ Bf8 36. Qd8 Kf7 37. Bxe5 Be7 38. Qc7 Nxa4 39. Bd6 Qb1+
40. Kh2 Qxe4 41. Qa7 Nc3 42. Ne5+ Kg8 43. Qb8+ Kg7 44. Bxe7 Qf4+ 45. Kh1 fxe5
46. Bxc5 1/2-1/2

[Event "DM 2022 Kort Paaske 2 Grp1"]
[Site "Svendborg"]
[Date "2022.04.16"]
[Round "5"]
[White "Laursen, Niels Norskov"]
[Black "Mortensen, Martin Lind"]
[Result "1-0"]
[WhiteElo "2178"]
[BlackElo "2075"]
[PlyCount "55"]
[EventDate "2022.04.14"]
[EventType "swiss"]
[EventRounds "5"]
[EventCountry "DEN"]

1. Nf3 d5 2. c4 d4 3. b4 f6 4. e3 e5 5. c5 Be6 6. exd4 exd4 7. Bb5+ c6 8. Ba4
Na6 9. a3 Qd5 10. d3 O-O-O 11. O-O Ne7 12. Re1 Bg4 13. Nbd2 Ng6 14. h3 Bf5 15.
Bb3 Qd7 16. Ne4 Nc7 17. Ng3 Be6 18. Bxe6 Nxe6 19. Qb3 Ngf4 20. Bxf4 Nxf4 21.
Re4 Qc7 22. Rae1 g6 23. Ne2 Nd5 24. Nexd4 Qd7 25. b5 Bh6 26. bxc6 bxc6 27. Rb1
Bf4 28. Rxf4 1-0

[Event "DM 2022 Kort Paaske 2 Grp1"]
[Site "Svendborg"]
[Date "2022.04.16"]
[Round "5"]
[White "Motzkus, Mikkel"]
[Black "Fredericia, Louise Winther"]
[Result "1-0"]
[WhiteElo "1974"]
[BlackElo "1995"]
[PlyCount "103"]
[EventDate "2022.04.14"]
[EventType "swiss"]
[EventRounds "5"]
[EventCountry "DEN"]

1. d4 e6 2. c4 f5 3. Nc3 Nf6 4. Bg5 Be7 5. Nf3 O-O 6. e3 b6 7. g3 Bb7 8. Bg2
Ne4 9. Bxe7 Qxe7 10. Nxe4 Bxe4 11. O-O d6 12. b4 Nd7 13. Rc1 Nf6 14. Nd2 Bxg2
15. Kxg2 e5 16. Qc2 Nh5 17. dxe5 dxe5 18. c5 b5 19. f4 a5 20. a3 axb4 21. axb4
Ra4 22. Qb3+ Kh8 23. Nf3 exf4 24. exf4 Qe4 25. Rfe1 Qxb4 26. Qf7 Nxf4+ 27. gxf4
Qb2+ 28. Kh1 Rg8 29. Ng5 Qf6 30. Qxg8+ Kxg8 31. Re8+ Qf8 32. Rxf8+ Kxf8 33.
Ne6+ Ke7 34. Nxc7 Kd7 35. Nd5 Kc6 36. Ne7+ Kc7 37. c6 Rc4 38. Rd1 b4 39. Rd7+
Kb8 40. Rb7+ Ka8 41. Rxb4 Rxb4 42. c7 Rc4 43. c8=Q+ Rxc8 44. Nxc8 Kb8 45. Ne7
g6 46. Kg2 Kc7 47. Kg3 Kd6 48. Ng8 Ke6 49. Kh4 Kf7 50. Nh6+ Ke7 51. Kg5 Ke6 52.
h4 1-0

[Event "DM 2022 Kort Paaske 2 Grp1"]
[Site "Svendborg"]
[Date "2022.04.16"]
[Round "5"]
[White "Burgaard, Kristian Gade"]
[Black "Boldt, Allan"]
[Result "1-0"]
[WhiteElo "1996"]
[BlackElo "2150"]
[PlyCount "74"]
[EventDate "2022.04.14"]
[EventType "swiss"]
[EventRounds "5"]
[EventCountry "DEN"]

1. d4 Nf6 2. c4 c5 3. d5 d6 4. Nc3 g6 5. Nf3 Bg7 6. Bf4 Nh5 7. Bd2 e5 8. e4 h6
9. Bd3 Nf4 10. Bxf4 exf4 11. O-O Nd7 12. Re1 Ne5 13. Nxe5 Bxe5 14. Be2 h5 15.
a3 Bd7 16. Qd3 Qh4 17. b4 b6 18. bxc5 bxc5 19. Rab1 Qf6 20. Na2 Bg4 21. Nc1 O-O
22. Qd1 Bc3 23. Rf1 Rfe8 24. Rb3 Rxe4 25. Bxg4 hxg4 26. Qd3 Qd4 27. Rxc3 Rae8
28. Qxd4 cxd4 29. Rd3 Rc8 30. f3 gxf3 31. gxf3 Re3 32. Rxd4 Rb8 33. c5 dxc5 34.
Rc4 Rb2 35. Rd1 Re5 36. Rxf4 Rh5 37. h4 Rb4 1-0

[Event "DM 2022 Kort Paaske 2 Grp1"]
[Site "Svendborg"]
[Date "2022.04.16"]
[Round "5"]
[White "Nielsen, Aage Sondergaard"]
[Black "Nykjaer, Jess"]
[Result "1-0"]
[WhiteElo "1951"]
[BlackElo "1961"]
[PlyCount "55"]
[EventDate "2022.04.14"]
[EventType "swiss"]
[EventRounds "5"]
[EventCountry "DEN"]

1. e4 c5 2. Nc3 g6 3. f4 Bg7 4. Nf3 Nc6 5. Bb5 a6 6. Bxc6 dxc6 7. Qe2 Nf6 8. d3
O-O 9. O-O b6 10. Kh1 Qc7 11. Bd2 Bg4 12. h3 Bd7 13. e5 Nd5 14. Ne4 Qc8 15. c4
Nc7 16. Bc3 Ne6 17. Qe3 Qc7 18. Rae1 f5 19. Neg5 Rad8 20. Nxe6 Bxe6 21. Rd1 h6
22. Rfe1 Rd7 23. Nh4 g5 24. Ng6 Rf7 25. fxg5 hxg5 26. Qxg5 Rd8 27. Nf4 Qc8 28.
Qg6 1-0

[Event "DM 2022 Kort Paaske 2 Grp1"]
[Site "Svendborg"]
[Date "2022.04.16"]
[Round "5"]
[White "Hove, Svend Kjems"]
[Black "Raahauge, Lars"]
[Result "0-1"]
[WhiteElo "1968"]
[BlackElo "1952"]
[PlyCount "139"]
[EventDate "2022.04.14"]
[EventType "swiss"]
[EventRounds "5"]
[EventCountry "DEN"]

1. e4 c6 2. d4 d5 3. Nc3 dxe4 4. Nxe4 Nf6 5. Ng3 c5 6. Be3 cxd4 7. Bxd4 Nc6 8.
Bc3 Qb6 9. Bc4 Qc5 10. Qe2 Bg4 11. f3 Bf5 12. O-O-O Bg6 13. Ne4 Nxe4 14. fxe4
e6 15. Nf3 Bh5 16. h3 Bxf3 17. gxf3 a6 18. a3 b5 19. Bb3 a5 20. Qd2 Ra7 21. Qf4
Rb7 22. Rhg1 Rg8 23. Rg5 Qb6 24. a4 Bc5 25. Rd3 Rd7 26. Bd2 Rxd3 27. cxd3 Nd4
28. Bd1 bxa4 29. Bxa4+ Ke7 30. Kb1 Rb8 31. Bc1 Ne2 32. Qe5 Be3 33. Bxe3 Qxe3
34. Qxb8 Qxg5 35. e5 Qg1+ 36. Kc2 Qc1+ 37. Kb3 Qd1+ 38. Ka3 Qa1+ 39. Kb3 Nd4+
40. Kc3 Qxa4 41. Qa7+ Ke8 42. Qxd4 Qc6+ 43. Qc4 Kd7 44. f4 f6 45. d4 fxe5 46.
dxe5 Qxc4+ 47. Kxc4 Kc6 48. Kd4 g6 49. Kc4 Kb6 50. h4 h5 51. Kd4 Kb5 52. Kd3
Kb4 53. Ke3 Kb3 54. Kd4 Kxb2 55. Kc5 a4 56. Kd6 a3 57. Kxe6 a2 58. Kf7 a1=Q 59.
Kxg6 Qd1 60. f5 Qg4+ 61. Kf6 Qxh4+ 62. Ke6 Qc4+ 63. Kf6 Qg8 64. e6 h4 65. e7 h3
66. Ke5 h2 67. f6 h1=Q 68. f7 Qxf7 69. e8=Q Qxe8+ 70. Kd4 0-1